| 000 | 00319nam a2200121Ia 4500 | ||
|---|---|---|---|
| 008 | 220120s9999||||xx |||||||||||||| ||und|| | ||
| 082 | _a823 OBA | ||
| 100 |
_aObama, Barack _911946 |
||
| 245 | 4 | _aThe audacity of hope | |
| 260 |
_aCanongate _bNew York _c2004 |
||
| 300 |
_aXVII,802p. _b0 |
||
| 650 |
_aSIGNAL PROCESSING _9719 |
||
| 999 |
_c137488 _d137488 |
||